Most tattooed countries - Statistics

General Stats
  • This quiz has been taken 41 times
  • The average score is 8 of 10
Answer Stats
Percentage Country % Correct
46% United States of America
100%
40% United Kingdom
95%
42% Spain
93%
36% France
88%
48% Italy
88%
43% Australia
80%
37% Brazil
73%
43% Argentina
68%
47% Sweden
58%
41% Denmark
48%
No matching quizzes found
Score Distribution
Percent of People with Each Score
Percentile by Number Answered
Your Score History
You have not taken this quiz